Nuestros aprendizajes : (Record no. 119556)
[ view plain ]
| 000 -LEADER | |
|---|---|
| fixed length control field | 00655cam a2200181 4500 |
| 008 - FIXED-LENGTH DATA ELEMENTS--GENERAL INFORMATION | |
| fixed length control field | 090519s2003 mx 000 0 spa u |
| 245 00 - TITLE STATEMENT | |
| Title | Nuestros aprendizajes : |
| Remainder of title | Un ejercicio de ciudadanía / |
| Statement of responsibility, etc | Fundación Comunitaria Oaxaca. |
| 260 ## - PUBLICATION, DISTRIBUTION, ETC. (IMPRINT) | |
| Place of publication, distribution, etc | Oaxaca, México : |
| Name of publisher, distributor, etc | Universidad Autónoma Benito Juárez de Oaxaca, |
| Date of publication, distribution, etc | 2003 |
| 300 ## - PHYSICAL DESCRIPTION | |
| Extent | 80 p. : |
| Other physical details | il. ; |
| Dimensions | 22 cm. |
| 504 ## - BIBLIOGRAPHY, ETC. NOTE | |
| Bibliography, etc | Incluye bibliografías |
| 506 ## - RESTRICTIONS ON ACCESS NOTE | |
| Terms governing access | Rec. Esc. |
| 650 #7 - SUBJECT ADDED ENTRY--TOPICAL TERM | |
| Topical term or geographic name as entry element | Problemas sociales |
| Geographic subdivision | Oaxaca (México) |
| Source of heading or term | Lemb |
| 650 #7 - SUBJECT ADDED ENTRY--TOPICAL TERM | |
| Topical term or geographic name as entry element | Pobreza |
| Geographic subdivision | Oaxaca (México) |
| Source of heading or term | Lemb |
| 710 2# - ADDED ENTRY--CORPORATE NAME | |
| Corporate name or jurisdiction name as entry element | Fundación Comunitaria Oaxaca. |
| 942 ## - ADDED ENTRY ELEMENTS (KOHA) | |
| Source of classification or shelving scheme | Biblioteca del Cogreso de los Estados Unidos |
| Koha item type | Libro |
| Estado de pérdida | Fuente de clasificación | Estado del daño | No para préstamo | Ubicación permanente | Ubicación actual | Apartado o colección | Fecha de adquisición | Edición | Área del conocimiento | Clasificación | Código de Barras | Date last seen | Número de copia | Costo por reposición | Tipo de recurso |
|---|---|---|---|---|---|---|---|---|---|---|---|---|---|---|---|
| Biblioteca del Cogreso de los Estados Unidos | Biblioteca de la Unidad de Ciencias Ingeniería y Humanidades | Biblioteca de la Unidad de Ciencias Ingeniería y Humanidades | General | 07/11/2019 | 1a. ed. | Ciencias Sociales y Administrativas | HN120.O3 N84 2003 | BCU000008863 | 07/11/2019 | C:1 | 1.00 | Libro |